000 00668nam a22001937a 4500
003 DO-CoUTE
005 20260527134352.0
008 260527b dr ||||| |||| 00| 0 spa d
040 _aDO-CoUTE
_bspa
_cDO-CoUTE
082 _aRD864.44L4535
100 1 _aLebrón Saviñon, Mariano,
_eAutor
245 1 0 _aSanto Domingo en la vida de Martí y otros ensayos /
_cMariano Lebrón Saviñon
260 _aSanto Domingo :
_bBiblioteca Nacional Pedro Henríquez Ureña (BNPHU),
_c2000
300 _a370 Paginas :
_c22x23cm,
504 _aIncluye referencia bibliográfica e índice.
650 4 _aEnsayo
700 1 _aMariano lebrón Saviñón
_eAutor
942 _2ddc
_cBK
999 _c24243
_d24243